00669cam a2200205 a 4500001000800000005001700008008004100025020002200066020002200088040001800110082002100128245010700149260009600256300001800352650001000370650002500380650001000405700002500415700002300440192325820231128051416.0850805s1984 enka 000 0 eng  a0862321786 (pbk.) a0862321778 (hard) aDLCcDLCdDLC00a305.4/2/095421900aIn search of answers :bIndian women's voices from Manushi /cedited by Madhu Kishwar and Ruth Vanita. aLondon :bZed Books ;aTotowa, N.J. :bU.S. distributor, Biblio Distribution Center,c1984. aviii, 312 p.  0aWomen 0aWomen in development 0aWomen1 aKishwar, Madhu.eedt1 aVanita, Ruth.eedt